Countries of Western Africa With a Disappearing Map - Statistics

General Stats
  • This quiz has been taken 292 times
    260 since last reset
  • The average score is 15 of 16
Answers on the Map
Answers color-coded by a green-red scale on the quiz's map according to % correct below.
 
Answer Stats
Hint Hint Country % Correct
377 202.2 Mali
97%
403.3 203.9 Niger
97%
398.0 230.8 Nigeria
97%
347 212 Senegal
97%
354 195.5 Mauritania
96%
383.0 232.4 Togo
96%
378.2 234.5 Ghana
95%
368.0 235.9 Ivory Coast
95%
385.7 225.0 Benin
94%
353.3 224.2 Guinea
94%
344 216 Gambia
93%
377.0 219.0 Burkina Faso
91%
359.2 239.6 Liberia
91%
354.0 232.9 Sierra Leone
91%
326.7 206.9 Cape Verde
90%
347.7 220.3 Guinea-Bissau
90%
No matching quizzes found
Score Distribution
Percent of People with Each Score
Percentile by Number Answered
Your Score History
You have not taken this quiz since the last reset